000 00295nam a22001337a 4500
008 170602b xxu||||| |||| 00| 0 eng d
020 _a9780195162530
041 _aeng
080 _a94(7/8)
100 _a18
101 _aSHH
245 _aLIBERTY AND FREEDOM
_cFISCHER,D.H
942 _2udc
_cBK
999 _c15821
_d15821